Charlotte, North Carolina - Statistics

General Stats
  • This quiz has been taken 408 times
    214 since last reset
  • The average score is 10 of 19
Answer Stats
Hint Answer % Correct
Charlotte is home to what National Football League team? Carolina Panthers
94%
What is the name of the NBA team based in Charlotte? Charlotte Hornets
92%
What major sport has its hall of fame in Charlotte? NASCAR
89%
What 398-acre amusement park is located on the border of Charlotte and South Carolina? Carowinds
87%
What bank (#25 on the 2020 Fortune 500) is headquartered in Charlotte? Bank of America
85%
Charlotte is the seat for what county? Mecklenburg
82%
What is the nickname of Charlotte based on who it is named for? The Queen City
81%
Charlotte is the birthplace of what popular Christian evangelist, and the location of his library? Billy Graham
66%
What energy company (#123 on the 2020 Fortune 500) is headquartered in Charlotte? Duke Energy
65%
What is the name of the arena where Charlotte's NBA team plays its home games? Spectrum Center
55%
What are residents of Charlotte referred to as? Charlotteans
46%
What bank, formed by the merger of BB&T and SunTrust in 2019 (#217 on the 2020 Fortune 500) is headquartered in Charlotte? Truist Financial
45%
What nickname for Charlotte was based on General Cornwallis' description? Hornet's Nest
40%
Charlotte is home to what Major League Lacrosse team? Charlotte Hounds
18%
What tech company (#92 on the 2020 Fortune 500) is headquartered in Charlotte? Honeywell International
11%
What steel producer (#139 on the 2020 Fortune 500) is headquartered in Charlotte? Nucor
6%
The mascot of Charlotte's Major League Lacrosse team is what breed of dog, also the state dog of North Carolina? Plott Hound
6%
What automotive retailer (#301 on the 2020 Fortune 500) is headquartered in Charlotte? Sonic Automotive
6%
What annuity and life insurance provider (#457 on the 2020 Fortune 500, NASDAQ "BHF") is headquartered in Charlotte? Brighthouse Financial
3%
No matching quizzes found
Score Distribution
Percent of People with Each Score
Percentile by Number Answered
Your Score History
You have not taken this quiz since the last reset